Les premiers Humains à... - Statistiques

Statistiques générales
  • Ce quiz a été pris 333 fois
    331 depuis la dernière actualisation
  • Le résultat moyen est 6 sur 20
Statistiques - réponses
Années Indices Réponses % Correct
1969 Il est le premier à marcher sur la Lune Niel Armstrong
91%
1898 Ils sont les premiers à découvrir des élements radioactif Pierre et Marie Curie
81%
1903 Il est le premier à gagner le Tour de France Maurice Garin
77%
1848 Il est le premier à être élu président de la République Française Louis-Napoléon Bonaparte
71%
1961 Il est le premier être humain à effectué un vol dans l'espace Youri Gagarine
69%
30-33 Il est le premier à devenir Pape Saint-Pierre
63%
2019 Il est le premier Youtuber à atteindre 100 million d'abonnés PewDiePie
37%
~1000 Il est le premier Européen à découvrir l'Amérique Leif Erikson
36%
1911 Il est le premier à atteindre le pôle Sud Roald Amundsen
28%
1953 Ils sont les premiers à atteindre le sommet de l'Everest Edmund Hillary et Tenzing Norgay
21%
2012 Il est le premier à explorer seul la fosse des Mariannes James Cameron
21%
1842 Elle a conçu le premier programme informatique de l'histoire Ada Lovelace
19%
1970 Elle est la première à recevoir le césar de la meilleure actrice Romy Schneider
14%
1837 Il est le premier président Américain ayant la nationalité Américaine depuis sa naissance Martin Van Buren
8%
1815 Il est le premier chef cuisinier devenu célèbre Marie-Antoine Carême
6%
1860 Sa voix est la première à avoir été enregistrée Édouard-Léon Scott de Martinville
1%
XXIII av.J-C. Elle est le premier auteur connu sous son nom Enheduana
1%
1875 Il effectue la première traversée sportive de la Manche à la nage Matthew Webb
1%
1839 Il est le premier homme à avoir été photographié Robert Cornelius
1%
1896 Il devient le premier champion olympique des Jeux Modernes James Connolly
0%
Aucun quiz correspondant
Distribution des résultats
% des personnes avec chaque résultat
Percentile par nombre de réponses
Votre historique - résultats
Vous n’avez pas pris ce quiz depuis la dernière actualisation